<?xml version="1.0" encoding="UTF-8"?>
<collection xmlns="http://www.loc.gov/MARC21/slim">
 <record>
  <leader>01961nam a2200229Ia 4500</leader>
  <controlfield tag="001">CTU_175486</controlfield>
  <controlfield tag="008">210402s9999    xx            000 0 und d</controlfield>
  <datafield tag="020" ind1=" " ind2=" ">
   <subfield code="c">115000</subfield>
  </datafield>
  <datafield tag="082" ind1=" " ind2=" ">
   <subfield code="a">823.914</subfield>
  </datafield>
  <datafield tag="082" ind1=" " ind2=" ">
   <subfield code="b">M643</subfield>
  </datafield>
  <datafield tag="100" ind1=" " ind2=" ">
   <subfield code="a">Miles, Rosalind</subfield>
  </datafield>
  <datafield tag="245" ind1=" " ind2="0">
   <subfield code="a">Trở về Eden =</subfield>
  </datafield>
  <datafield tag="245" ind1=" " ind2="0">
   <subfield code="b">Return to Eden</subfield>
  </datafield>
  <datafield tag="245" ind1=" " ind2="0">
   <subfield code="c">Rosalind Miles ; Lê Xuân Sơn, Nguyễn Thị Kim Hiền (Người dịch)</subfield>
  </datafield>
  <datafield tag="260" ind1=" " ind2=" ">
   <subfield code="a">Hà Nội</subfield>
  </datafield>
  <datafield tag="260" ind1=" " ind2=" ">
   <subfield code="b">Văn học</subfield>
  </datafield>
  <datafield tag="260" ind1=" " ind2=" ">
   <subfield code="c">2011</subfield>
  </datafield>
  <datafield tag="520" ind1=" " ind2=" ">
   <subfield code="a">Eden là cái thiên đường hoang dã mà Stephany Harper được thừa hưởng cùng với gia tài khổng lồ của người cha là nơi cô muốn xây dựng một thiên đường thực sự với người chồng mà cô yêu say đắm là Greg Marsdan - một ngôi sao quần vợt hào hoa. Nhưng cũng chính ở Eden, trong tuần trăng mật, khi đã nằm trong hàm cá sấu, cô mới nhìn thấy bộ mặt thật của chồng và người bạn gái thân thiết nhất - Jilly, họ đã đồng lõa và thản nhiên nhìn cô giãy giụa...Với bộ mặt bị cá sấu cắn nát và một trái tim còn tan nát hơn thế Stephany đã trở lại với Eden để phục thù. Quyến rũ lại chính người chồng bội bạc, làm cho trái tim hắn phải đau đớn, điên dại vì một tình yêu bị lừa dối. Cuộc vật lộn giữa cái Thiện và cái Ác, giữa tình yêu và dục vọng, giữa thù hận và lòng cao thượng dữ dội trên từng trang sách của Rosalind Miles.</subfield>
  </datafield>
  <datafield tag="650" ind1=" " ind2=" ">
   <subfield code="a">English fiction,Tiểu thuyết Anh</subfield>
  </datafield>
  <datafield tag="650" ind1=" " ind2=" ">
   <subfield code="y">20th century,Thế kỷ 20</subfield>
  </datafield>
  <datafield tag="904" ind1=" " ind2=" ">
   <subfield code="i">Hằng Ni, Năm</subfield>
  </datafield>
  <datafield tag="980" ind1=" " ind2=" ">
   <subfield code="a">Trung tâm Học liệu Trường Đại học Cần Thơ</subfield>
  </datafield>
 </record>
</collection>
